LEADER 02696nam 2200625 450 001 9910796035303321 005 20170918221314.0 010 $a1-4704-1057-5 035 $a(CKB)3780000000000270 035 $a(EBL)3114123 035 $a(SSID)ssj0001351965 035 $a(PQKBManifestationID)11967192 035 $a(PQKBTitleCode)TC0001351965 035 $a(PQKBWorkID)11309157 035 $a(PQKB)11149227 035 $a(MiAaPQ)EBC3114123 035 $a(RPAM)18303133 035 $a(PPN)195408411 035 $a(EXLCZ)993780000000000270 100 $a20150417h20132013 uy 0 101 0 $aeng 135 $aur|n|---||||| 181 $ctxt 182 $cc 183 $acr 200 10$aOn central critical values of the degree four L-functions for GSp(4)$hIII $ethe fundamental lemma /$fMasaaki Furusawa, Kimball Martin, Joseph A. Shalika 210 1$aProvidence, Rhode Island :$cAmerican Mathematical Society,$d2013. 210 4$dİ2013 215 $a1 online resource (150 p.) 225 1 $aMemoirs of the American Mathematical Society,$x1947-6221 ;$vVolume 225, Number 1057 300 $a"Volume 225, Number 1057 (second of 4 numbers)." 311 $a0-8218-8742-4 320 $aIncludes bibliographical references and index. 327 $a""Contents""; ""Preface""; ""Chapter 1. Introduction""; ""Notation""; ""1.1. Orbital Integrals""; ""1.2. Matching""; ""Chapter 2. Reduction Formulas""; ""2.1. Macdonald Polynomials""; ""2.2. Explicit Formulas and the Macdonald Polynomials""; ""2.3. Reduction Formulas for the Orbital Integrals""; ""Chapter 3. Anisotropic Bessel Orbital Integral""; ""3.1. Preliminaries""; ""3.2. Evaluation""; ""Chapter 4. Split Bessel and Novodvorsky Orbital Integrals""; ""4.1. Preliminaries""; ""4.2. Evaluation""; ""4.3. Matching""; ""Chapter 5. Rankin-Selberg Orbital Integral""; ""5.1. Preliminaries"" 327 $a""5.2. Matching in the Inert Case""""5.3. Matching in the Split Case""; ""Bibliography""; ""Index"" 410 0$aMemoirs of the American Mathematical Society ;$vVolume 225, Number 1057. 606 $aSiegel domains 606 $aModular groups 606 $aAutomorphic forms 606 $aL-functions 615 0$aSiegel domains. 615 0$aModular groups. 615 0$aAutomorphic forms. 615 0$aL-functions. 676 $a512.74 700 $aFurusawa$b Masaaki$01519509 702 $aMartin$b Kimball 702 $aShalika$b Joseph A.$f1941- 801 0$bMiAaPQ 801 1$bMiAaPQ 801 2$bMiAaPQ 906 $aBOOK 912 $a9910796035303321 996 $aOn central critical values of the degree four L-functions for GSp(4)$93757673 997 $aUNINA LEADER 03564nam 2201009z- 450 001 9910557613703321 005 20220321 035 $a(CKB)5400000000045265 035 $a(oapen)https://directory.doabooks.org/handle/20.500.12854/79586 035 $a(oapen)doab79586 035 $a(EXLCZ)995400000000045265 100 $a20202203d2022 |y 0 101 0 $aeng 135 $aurmn|---annan 181 $ctxt$2rdacontent 182 $cc$2rdamedia 183 $acr$2rdacarrier 200 00$aThe Application of Computer Techniques to ECG Interpretation 210 $aBasel$cMDPI - Multidisciplinary Digital Publishing Institute$d2022 215 $a1 online resource (212 p.) 311 08$a3-0365-3141-6 311 08$a3-0365-3140-8 330 $aThis book presents some of the latest available information on automated ECG analysis written by many of the leading researchers in the field. It contains a historical introduction, an outline of the latest international standards for signal processing and communications and then an exciting variety of studies on electrophysiological modelling, ECG Imaging, artificial intelligence applied to resting and ambulatory ECGs, body surface mapping, big data in ECG based prediction, enhanced reliability of patient monitoring, and atrial abnormalities on the ECG. It provides an extremely valuable contribution to the field. 606 $aMedicine$2bicssc 610 $aadvanced interatrial block 610 $aage 610 $aalarm fatigue 610 $aambulatory ECG 610 $aannotation of ECG data 610 $aarrhythmia 610 $aarrhythmia alarms 610 $aartificial intelligence 610 $aatypical patterns 610 $aautomated ECG analysis 610 $abig data 610 $abody surface mapping 610 $acardiac disease 610 $acardiac resynchronization therapy (CRT) 610 $aclinical applications 610 $acomputerized ECG 610 $acomputerized ECG interpretation 610 $acomputerized electrocardiograph 610 $aCSE study 610 $adeep learning 610 $adigital ECG data interchange protocol 610 $aECG 610 $aECG analysis algorithms 610 $aECG equipment 610 $aECG interpretation 610 $aeHealth 610 $aelectrocardiogram 610 $aelectrocardiogram (ECG) 610 $aelectrocardiographic imaging 610 $aelectrocardiographic imaging (ECGI) 610 $aelectronic cohort 610 $aelectrophysiology 610 $aheart failure (HF) 610 $ahistorical aspects 610 $aHolter ECG 610 $aimage processing 610 $ain silico 610 $aintensive care unit 610 $ainteratrial block 610 $aischemia 610 $amachine learning 610 $amortality 610 $an/a 610 $anoise reduction 610 $apartial interatrial block 610 $apatient monitoring 610 $apattern recognition 610 $apersonalized medicine 610 $arace 610 $asex 610 $aspeckle tracking echocardiography 610 $astandardization 610 $astrain 610 $atelehealth 610 $atelemedicine 610 $aultrasound 615 7$aMedicine 700 $aMacfarlane$b Peter$4edt$01295551 702 $aMacfarlane$b Peter$4oth 906 $aBOOK 912 $a9910557613703321 996 $aThe Application of Computer Techniques to ECG Interpretation$93023609 997 $aUNINA